000 00301nam a22001337a 4500
008 170612b xxu||||| |||| 00| 0 eng d
020 _a9780385244572
041 _aeng
080 _a93
100 _a19
101 _aSHH
245 _aAN AMERICAN LOOKS AT BRITAIN
_cCRITCHFIELD, R
942 _2udc
_cBK
999 _c16958
_d16958